[Event "Frankfurt Ch A 2017"]
[Site "Ffm-Höchst, BiKuZ"]
[Date "2018.04.30"]
[Round "1.54"]
[White "Thomele, Michael"]
[Black "Hedrich, Gerd"]
[Result "1-0"]
[WhiteElo "1789"]
[BlackElo "1284"]
[PlyCount "106"]
[EventDate "2018.??.??"]
[WhiteTeam "SC Obernau"]
[BlackTeam "Wiesbadener SV"]

1. e4 c6 2. d4 d5 3. Nc3 e6 4. Nf3 Be7 5. Bd3 dxe4 6. Nxe4 Nf6 7. Qe2 Nbd7 8.
O-O Nxe4 9. Qxe4 Nf6 10. Qe2 O-O 11. Rd1 Re8 12. c3 a5 13. Ne5 Bf8 14. Bg5 Be7
15. Bh4 g6 16. Qf3 Kg7 17. Rac1 Rf8 18. Bb1 Ng8 19. Bg3 Bg5 20. Rc2 f6 21. Nd3
Qd5 22. Qe2 Rf7 23. Nc5 b6 24. c4 Qd8 25. Nxe6+ Bxe6 26. Qxe6 Re7 27. Qxc6 Qe8
28. Qxe8 Raxe8 29. Kf1 f5 30. Be5+ Bf6 31. f4 Kh6 32. Rcd2 g5 33. Bxf5 gxf4 34.
Bxf4+ Bg5 35. Bxg5+ Kxg5 36. Bh3 Rf8+ 37. Rf2 Ref7 38. Rxf7 Rxf7+ 39. Ke2 Rf4
40. b3 Nf6 41. d5 Ne4 42. Ra1 h5 43. Ke3 Nd6 44. g3 Re4+ 45. Kd3 h4 46. Be6
hxg3 47. hxg3 Re5 48. Rf1 Ne4 49. Kd4 Nxg3 50. Rg1 Kf4 51. Rxg3 Re4+ 52. Kd3
Rxe6 53. dxe6 Kxg3 1-0

[Event "Frankfurt Ch A 2017"]
[Site "Ffm-Höchst, BiKuZ"]
[Date "2018.04.30"]
[Round "1.56"]
[White "Fröhlich-Dill, Astrid"]
[Black "Nutolo, Dominique"]
[Result "1-0"]
[WhiteElo "1786"]
[BlackElo "1139"]
[PlyCount "47"]
[EventDate "2018.??.??"]
[WhiteTeam "SV Hofheim"]
[BlackTeam "SF Frankfurt"]

1. d4 d5 2. Nf3 Nf6 3. c4 c6 4. e3 Bg4 5. Nc3 e6 6. Bd3 Bd6 7. h3 Bh5 8. O-O
Nbd7 9. cxd5 cxd5 10. Nb5 Qb6 11. Nxd6+ Qxd6 12. Bd2 Rc8 13. Qb3 Bxf3 14. gxf3
Qb6 15. Qa3 Qd8 16. Rac1 Nh5 17. Rxc8 Qxc8 18. Qd6 Qc6 19. Qa3 Qc8 20. Rc1 Qd8
21. Qd6 b6 22. Bb4 Nc5 23. Bb5+ Nd7 24. Rc8 1-0

[Event "Frankfurt Ch B 2017"]
[Site "Ffm-Höchst, BiKuZ"]
[Date "2018.04.30"]
[Round "1.1"]
[White "Peschk, Kathrin"]
[Black "Neagu, Liviu"]
[Result "1/2-1/2"]
[WhiteElo "1234"]
[BlackElo "1465"]
[PlyCount "81"]
[EventDate "2018.??.??"]
[WhiteTeam "SV Groß-Gerau"]
[BlackTeam "SF Friedberg"]

1. e4 c5 2. Nf3 d6 3. d4 cxd4 4. Nxd4 a6 5. Nc3 Bd7 6. Bc4 Nc6 7. Be3 Nf6 8.
O-O Qc7 9. Qe2 Ng4 10. Nd5 Qd8 11. Qf3 Nce5 12. Qe2 Nxc4 13. Qxc4 Rc8 14. Qb4
e6 15. Nb6 d5 16. Qb3 Bd6 17. Nf3 Rc6 18. exd5 exd5 19. Rfe1 O-O 20. Nxd7 Qxd7
21. Rad1 Rd8 22. h3 Nxe3 23. Rxe3 Rc4 24. Qd3 Bc5 25. Re2 Qb5 26. b3 Rb4 27.
Qxb5 Rxb5 28. c4 Ra5 29. a4 f6 30. Kf1 Bb4 31. Re3 b5 32. axb5 axb5 33. cxd5
Ra2 34. Re2 Rxe2 35. Kxe2 Bc3 36. d6 b4 37. d7 Kf7 38. Rd3 Ke7 39. Re3+ Kf7 40.
Rd3 Ke7 41. Re3+ 1/2-1/2

[Event "Frankfurt Ch B 2017"]
[Site "Ffm-Höchst, BiKuZ"]
[Date "2018.04.30"]
[Round "1.2"]
[White "Krehl, Collin"]
[Black "Czinkota, Michael"]
[Result "1-0"]
[WhiteElo "1462"]
[BlackElo "1233"]
[PlyCount "85"]
[EventDate "2018.??.??"]
[WhiteTeam "SV Kelsterbach"]
[BlackTeam "SC Bad Soden"]

1. c4 e5 2. Nc3 Bc5 3. Nf3 d6 4. g3 f5 5. d3 Nf6 6. Bg2 O-O 7. Bg5 Qe8 8. a3 a6
9. b4 Ba7 10. Bxf6 Rxf6 11. Nd5 Rf7 12. Ng5 Rd7 13. Ne6 Qxe6 14. Nxc7 Rxc7 15.
Bd5 Qxd5 16. cxd5 Nd7 17. Rc1 Rxc1 18. Qxc1 Nf6 19. Qc7 Nxd5 20. Qxd6 Nf6 21.
Qxe5 Bd7 22. O-O Re8 23. Qb2 f4 24. gxf4 Bh3 25. Rc1 Ng4 26. d4 Re4 27. Qb3+
Kf8 28. Qxh3 Rxf4 29. Rc8+ Ke7 30. Qh4+ Kd7 31. Qd8+ Ke6 32. d5+ Ke5 33. Qc7+
Ke4 34. Re8+ Kf5 35. e4+ Kg5 36. Qxg7+ Kh5 37. Re5+ Nxe5 38. Qxe5+ Kg4 39. h3+
Kf3 40. Qh5+ Kxe4 41. d6 Bxf2+ 42. Kg2 Rh4 43. Qe2+ 1-0

[Event "Frankfurt Ch B 2017"]
[Site "Ffm-Höchst, BiKuZ"]
[Date "2018.04.30"]
[Round "1.3"]
[White "Klein, Simon"]
[Black "Brendel, Lutz"]
[Result "1/2-1/2"]
[WhiteElo "1232"]
[BlackElo "1450"]
[PlyCount "86"]
[EventDate "2018.??.??"]
[WhiteTeam "SK Hungen"]
[BlackTeam "Schach AG des FDG"]

1. d4 e6 2. Nf3 c5 3. c3 d5 4. Nbd2 Nc6 5. e3 Nf6 6. Bd3 c4 7. Bc2 b5 8. Ne5
Qc7 9. f4 Bb7 10. Ndf3 h6 11. Bd2 Ne4 12. h4 Nxe5 13. Nxe5 Bd6 14. Qf3 O-O-O
15. g4 Bxe5 16. fxe5 a5 17. Bxe4 dxe4 18. Qh3 Bd5 19. h5 Rdf8 20. Rf1 Qe7 21.
Ke2 g6 22. Rf6 g5 23. Raf1 Kc7 24. Qg3 Kb6 25. Kf2 Rh7 26. Rb1 Kc6 27. Qg1 Rb8
28. b3 Qc7 29. Qd1 Kd7 30. bxc4 Bxc4 31. a4 Bd3 32. Rb2 Qc4 33. Qb3 Qxb3 34.
Rxb3 Bc2 35. Rxb5 Rxb5 36. axb5 Bd1 37. Kg3 Be2 38. Rf2 Bxb5 39. Bc1 Bc4 40.
Rb2 a4 41. Rb7+ Kc6 42. Ra7 Bd3 43. Ba3 Kb5 1/2-1/2

[Event "Frankfurt Ch B 2017"]
[Site "Ffm-Höchst, BiKuZ"]
[Date "2018.04.30"]
[Round "1.4"]
[White "Grimm, Heinz-Peter"]
[Black "Landvoigt, Martin"]
[Result "1/2-1/2"]
[WhiteElo "1402"]
[BlackElo "1218"]
[PlyCount "80"]
[EventDate "2018.??.??"]
[WhiteTeam "vereinslos"]
[BlackTeam "SF Friedberg"]

1. e4 c5 2. Nf3 Nc6 3. d4 cxd4 4. Nxd4 a6 5. Nxc6 bxc6 6. Nc3 d6 7. Bc4 Nf6 8.
O-O Bb7 9. Re1 e6 10. Bg5 Be7 11. Bxf6 Bxf6 12. Qf3 O-O 13. Rad1 Qc7 14. Re3
Be5 15. Qg4 d5 16. exd5 cxd5 17. Bd3 Bxh2+ 18. Kf1 Be5 19. Bxh7+ Kxh7 20. Qh5+
Kg8 21. Rxe5 Qc4+ 22. Kg1 d4 23. Qh4 Qc6 24. Ne4 f6 25. Rh5 Qxe4 26. Rh8+ Kf7
27. Qxe4 Bxe4 28. Rxf8+ Kxf8 29. Rxd4 Bxc2 30. Rh4 Kf7 31. Rc4 Kg6 32. Rxc2 Rd8
33. Kf1 e5 34. Ke2 Rd4 35. b3 a5 36. Rc4 Rd5 37. Ke3 Kf5 38. f3 g5 39. g4+ Ke6
40. Rc6+ Ke7 1/2-1/2

[Event "Frankfurt Ch B 2017"]
[Site "Ffm-Höchst, BiKuZ"]
[Date "2018.04.30"]
[Round "1.5"]
[White "Kattenbusch, Sebastian"]
[Black "Brunner, Andreas"]
[Result "1/2-1/2"]
[WhiteElo "1211"]
[BlackElo "1387"]
[PlyCount "80"]
[EventDate "2018.??.??"]
[WhiteTeam "SF Friedberg"]
[BlackTeam "Berkershm"]

1. d4 Nf6 2. c4 e6 3. Nc3 Bb4 4. a3 Bxc3+ 5. bxc3 d5 6. Nf3 O-O 7. Bg5 Nbd7 8.
cxd5 exd5 9. e3 c6 10. Bd3 Qa5 11. Qc2 Ne4 12. Bxe4 dxe4 13. Nd2 Qxg5 14. O-O
Nf6 15. Nxe4 Nxe4 16. Qxe4 Bf5 17. Qf3 Rae8 18. Qg3 Qxg3 19. hxg3 b6 20. a4 c5
21. Rfe1 cxd4 22. cxd4 Bd7 23. e4 Rc8 24. d5 Rc5 25. f4 f5 26. d6 fxe4 27. Rxe4
Rd5 28. Rc1 Rxd6 29. Rc7 Re8 30. Rxd7 Rxe4 31. Rxd6 Rxa4 32. Rd7 b5 33. f5 b4
34. Rb7 a5 35. g4 Ra3 36. Kh2 b3 37. g5 Kf8 38. Rb8+ Ke7 39. Rb7+ Kf8 40. Rb8+
Ke7 1/2-1/2

[Event "Frankfurt Ch B 2017"]
[Site "Ffm-Höchst, BiKuZ"]
[Date "2018.04.30"]
[Round "1.6"]
[White "Goodwin, David"]
[Black "Barth, Horst"]
[Result "1-0"]
[WhiteElo "1371"]
[BlackElo "1168"]
[PlyCount "129"]
[EventDate "2018.??.??"]
[WhiteTeam "SV Kelsterbach"]
[BlackTeam "SF Mainz"]

1. Nf3 d5 2. g3 Nf6 3. Bg2 Nc6 4. d3 e5 5. O-O Bf5 6. Nbd2 Qd7 7. c4 dxc4 8.
Nxc4 Bd6 9. a3 O-O 10. Nh4 Bh3 11. Ne3 Bxg2 12. Kxg2 Ne7 13. Bd2 b6 14. Rc1
Rac8 15. b4 a6 16. Nc4 Nf5 17. Nxf5 Qxf5 18. e4 Qe6 19. Nxd6 cxd6 20. f4 Rxc1
21. Bxc1 Qa2+ 22. Rf2 Qe6 23. fxe5 dxe5 24. Bb2 Rd8 25. Qe2 b5 26. Rf5 Nd7 27.
Qc2 f6 28. d4 g6 29. Rf3 h5 30. d5 Qe7 31. Qc7 Qe8 32. Rc3 Nb8 33. Qb7 Qf8 34.
Rc7 g5 35. Bc1 h4 36. g4 Kh8 37. Rh7+ Kg8 38. Rc7 Kh8 39. Be3 Re8 40. Rf7 Qg8
41. Bc5 Rd8 42. Rxf6 Qh7 43. Qxh7+ Kxh7 44. Rf5 Kg6 45. Rxe5 Nd7 46. Re6+ Kf7
47. Rxa6 Kg8 48. Rg6+ Kf7 49. Rxg5 Re8 50. Rf5+ Kg6 51. Rf4 Kg5 52. Be3 Kg6 53.
Kh3 Nf6 54. d6 Nd7 55. Kxh4 Rh8+ 56. Kg3 Ra8 57. Bc1 Rc8 58. Bb2 Rc2 59. Rf2
Rc4 60. Kf4 Rc6 61. Rd2 Rc8 62. h4 Rf8+ 63. Kg3 Nb6 64. d7 Rd8 65. Rd6+ 1-0

[Event "Frankfurt Ch B 2017"]
[Site "Ffm-Höchst, BiKuZ"]
[Date "2018.04.30"]
[Round "1.7"]
[White "Hartwig, Horst"]
[Black "Lessmann, Sven"]
[Result "0-1"]
[WhiteElo "1155"]
[BlackElo "1368"]
[PlyCount "118"]
[EventDate "2018.??.??"]
[WhiteTeam "vereinslos"]
[BlackTeam "SC Bad Soden"]

1. e4 d6 2. d4 Nf6 3. Nc3 g6 4. Nf3 Bg7 5. Bc4 O-O 6. O-O Nbd7 7. Nh4 e5 8. d5
Nxe4 9. Nxe4 Qxh4 10. Qe2 Nf6 11. f3 Nxe4 12. fxe4 Bg4 13. Qf2 Qe7 14. Qg3 Bd7
15. Bg5 f6 16. Bd2 Rf7 17. a4 Raf8 18. Bb5 a6 19. Bd3 Qe8 20. b3 f5 21. Qe1 f4
22. Be2 Qd8 23. h3 Bf6 24. Qc1 Bh4 25. c4 Qg5 26. Rf3 Bg3 27. Be1 Qh4 28. Bxg3
fxg3 29. Qe3 Rxf3 30. Bxf3 Rf4 31. Kf1 Bxh3 32. gxh3 Qxh3+ 33. Ke2 Qh2+ 34. Kd3
Qb2 35. Rc1 Qxb3+ 36. Rc3 Qb1+ 37. Ke2 Qa2+ 38. Kd3 Qh2 39. Rc2 Qh4 40. c5 Qg5
41. cxd6 cxd6 42. Rg2 h5 43. Ke2 h4 44. Qg1 Qf6 45. Qf1 Qd8 46. Qd1 Qc7 47. Qb3
Qc5 48. Qe3 Qc4+ 49. Ke1 Qxa4 50. Bd1 Qb4+ 51. Ke2 Rxe4 52. Qxe4 Qxe4+ 53. Kf1
Qxd5 54. Be2 Qc5 55. Ke1 Qc1+ 56. Bd1 Qe3+ 57. Be2 h3 58. Rxg3 Qxg3+ 59. Kd2 h2
0-1

[Event "Frankfurt Ch B 2017"]
[Site "Ffm-Höchst, BiKuZ"]
[Date "2018.04.30"]
[Round "1.8"]
[White "Mayer, Rolf"]
[Black "von Borstel, Torben"]
[Result "1-0"]
[WhiteElo "1361"]
[BlackElo "1151"]
[PlyCount "56"]
[EventDate "2018.??.??"]
[WhiteTeam "SC Flörsheim"]
[BlackTeam "Hildesheimer SV"]

1. d4 d5 2. Nf3 Nf6 3. Bf4 Bf5 4. c4 e6 5. e3 Be7 6. Nc3 O-O 7. Bd3 Bxd3 8.
Qxd3 Nbd7 9. Rc1 c5 10. O-O Rc8 11. Rfe1 cxd4 12. exd4 dxc4 13. Qe2 Nb6 14. Be5
Re8 15. a4 Nbd5 16. Nd2 Nxc3 17. bxc3 Qd5 18. Rb1 Nd7 19. Rb5 Qc6 20. Reb1 Nb6
21. Qd1 Nxa4 22. Qxa4 a6 23. Ra5 b5 24. Qc2 f6 25. Bg3 Bd8 26. Ra2 Re7 27. Ne4
Bb6 28. Rxa6 Rb7 1-0

[Event "Frankfurt Ch B 2017"]
[Site "Ffm-Höchst, BiKuZ"]
[Date "2018.04.30"]
[Round "1.9"]
[White "Thaler, Regina"]
[Black "Grünzig, Matthias"]
[Result "1-0"]
[WhiteElo "1097"]
[BlackElo "1347"]
[PlyCount "130"]
[EventDate "2018.??.??"]
[WhiteTeam "SK Bad Homburg"]
[BlackTeam "Berkershm"]

1. g3 d5 2. e3 e5 3. d3 Nf6 4. Bg2 Bf5 5. Ne2 Be7 6. Nbc3 c6 7. O-O O-O 8. f4
exf4 9. Nxf4 Bg4 10. Qe1 Re8 11. h3 Bd7 12. Qd1 Bd6 13. g4 Bxf4 14. Rxf4 Re6
15. g5 Ne8 16. h4 g6 17. Qf3 Re7 18. Bd2 Ng7 19. Rf1 Qe8 20. Bh3 Nh5 21. Bxd7
Qxd7 22. Rg4 Re5 23. Rg2 Rf5 24. Qd1 Rxf1+ 25. Qxf1 Na6 26. a3 Rf8 27. Ne2 f6
28. Rf2 Qe7 29. Nf4 Nxf4 30. Rxf4 f5 31. Qe2 Re8 32. h5 Qxg5+ 33. Qg2 Qxg2+ 34.
Kxg2 Re6 35. Kf3 Rf6 36. hxg6 hxg6 37. Bc3 Rf7 38. Rh4 Rh7 39. Rxh7 Kxh7 40.
Bf6 Kg8 41. d4 Nc7 42. Kf4 Kf7 43. Ke5 a6 44. a4 b5 45. Bd8 Ne8 46. axb5 axb5
47. b3 b4 48. Ba5 Nf6 49. Bxb4 Ng4+ 50. Kf4 Ke6 51. Bd2 Kf6 52. b4 Nf2 53. Kf3
Ne4 54. Be1 g5 55. c3 g4+ 56. Kg2 Kg5 57. c4 dxc4 58. d5 cxd5 59. b5 Nd6 60. b6
f4 61. exf4+ Kxf4 62. Bg3+ Kf5 63. Bxd6 Ke6 64. b7 Kxd6 65. b8=Q+ Kc5 1-0

[Event "Frankfurt Ch B 2017"]
[Site "Ffm-Höchst, BiKuZ"]
[Date "2018.04.30"]
[Round "1.10"]
[White "Winter, Thomas"]
[Black "Häfner, Günther"]
[Result "0-1"]
[WhiteElo "1345"]
[BlackElo "1100"]
[PlyCount "94"]
[EventDate "2018.??.??"]
[WhiteTeam "SV Oberursel"]
[BlackTeam "Berkershm"]

1. e4 d5 2. exd5 Qxd5 3. Nf3 Nf6 4. Nc3 Qa5 5. d4 c6 6. Bd2 Qc7 7. Bc4 Bg4 8.
h3 Bh5 9. g4 Bg6 10. Ne5 e6 11. Nxg6 hxg6 12. Qf3 Nbd7 13. O-O-O O-O-O 14. Kb1
Nb6 15. Bf4 Bd6 16. Bb3 Bxf4 17. Ne2 Bd6 18. g5 Nfd5 19. c4 Nf4 20. c5 Nxe2 21.
Qxe2 Bf4 22. cxb6 Qxb6 23. Qe4 Bxg5 24. Rd3 Rd7 25. Rhd1 Rh4 26. Qe5 Bf6 27.
Qe3 e5 28. Bxf7 Rxf7 29. Rb3 Qc7 30. dxe5 Qxe5 31. Qxa7 Qb8 32. Qe3 Re7 33. Qd3
Rd4 34. Qc2 Rxd1+ 35. Qxd1 Qe5 36. Qg4+ Qf5+ 37. Kc1 Qxg4 38. hxg4 Re2 39. f3
Kc7 40. a4 Rf2 41. Kb1 Rd2 42. Rb4 Rd5 43. Re4 Re5 44. Rc4 Kb6 45. Kc2 Rc5 46.
Kb3 Rxc4 47. Kxc4 Bxb2 0-1

[Event "Frankfurt Ch B 2017"]
[Site "Ffm-Höchst, BiKuZ"]
[Date "2018.04.30"]
[Round "1.11"]
[White "Fredershausen, Kurt"]
[Black "Brand, Achim"]
[Result "0-1"]
[WhiteElo "1089"]
[BlackElo "1343"]
[PlyCount "104"]
[EventDate "2018.??.??"]
[WhiteTeam "SC Bad Soden"]
[BlackTeam "SVG Echzell"]

1. e4 g6 2. d4 Bg7 3. c3 d6 4. Nf3 Nf6 5. Nbd2 O-O 6. Bc4 b6 7. Ng5 Bb7 8. d5
Nbd7 9. Bd3 Ne5 10. Ndf3 Ned7 11. O-O Ne5 12. Be2 h6 13. Nh3 Nxe4 14. Nxe5 dxe5
15. c4 Bc8 16. Bg4 f5 17. Bf3 Nc5 18. Be2 f4 19. f3 Bxh3 20. gxh3 Qd7 21. Kg2
Rf5 22. Kf2 Rh5 23. d6 c6 24. dxe7 Qxe7 25. Kg2 Qh4 26. Bxf4 Qxh3+ 27. Kf2 exf4
28. Ke1 Qxh2 29. Rf2 Qg3 30. Bd3 Rh1+ 31. Bf1 Re8+ 32. Qe2 Nd3+ 33. Kd2 Rxe2+
34. Rxe2 Qxf3 35. Bg2 Qxe2+ 36. Kxe2 Rxa1 37. Kxd3 Rxa2 38. Bxc6 Rxb2 39. Bd5+
Kf8 40. Ke4 g5 41. Kf3 a5 42. Bc6 Ra2 43. Ke4 a4 44. Kf5 Ra3 45. Kg6 f3 46. Kh7
f2 47. Bg2 Rc3 48. Bf1 a3 49. Bg2 a2 50. Bd5 a1=Q 51. Bf7 Kxf7 52. c5 Qb1# 0-1

[Event "Frankfurt Ch B 2017"]
[Site "Ffm-Höchst, BiKuZ"]
[Date "2018.04.30"]
[Round "1.12"]
[White "Arnold, Aaron"]
[Black "Wundram, Till"]
[Result "1-0"]
[WhiteElo "1339"]
[BlackElo "917"]
[PlyCount "59"]
[EventDate "2018.??.??"]
[WhiteTeam "SC Frankfurt-West"]
[BlackTeam "vereinslos"]

1. d4 d6 2. e4 Nf6 3. Nc3 c6 4. h3 e5 5. dxe5 Ng8 6. exd6 Bxd6 7. Nf3 Bc5 8.
Qxd8+ Kxd8 9. Bc4 Ke8 10. Ng5 Nh6 11. Nf3 b5 12. Bb3 Ng8 13. Bf4 Nd7 14. Ne5
Nxe5 15. Bxe5 Ne7 16. O-O a5 17. a3 Ba6 18. Rfd1 Ng6 19. Bd6 Bxd6 20. Rxd6 c5
21. Nd5 c4 22. Ba2 Bb7 23. Nc7+ Ke7 24. Nxb5 Bxe4 25. Re1 f5 26. f3 Rab8 27.
Rd5 Nf4 28. Rxf5 Rxb5 29. Rxe4+ Ne6 30. Rxb5 1-0

[Event "Frankfurt Ch B 2017"]
[Site "Ffm-Höchst, BiKuZ"]
[Date "2018.04.30"]
[Round "1.13"]
[White "Lassek, Bjarne"]
[Black "Müller, Christian"]
[Result "0-1"]
[WhiteElo "912"]
[BlackElo "1328"]
[PlyCount "72"]
[EventDate "2018.??.??"]
[WhiteTeam "SC Nied"]
[BlackTeam "Berkershm"]

1. e4 c5 2. Nf3 Nc6 3. Bc4 a6 4. a3 e6 5. Nc3 g6 6. d3 Bg7 7. Bg5 Nge7 8. Ne2
d5 9. exd5 exd5 10. Ba2 Bxb2 11. Rb1 Bxa3 12. c3 b5 13. Qb3 b4 14. Qa4 Qa5 15.
Bb3 Qxa4 16. Bxa4 Bb7 17. O-O O-O 18. Bxe7 Nxe7 19. Rb3 c4 20. dxc4 dxc4 21.
Rbb1 b3 22. Nd2 Rac8 23. Nxc4 Rxc4 24. Bxb3 Rc7 25. Ra1 Bb2 26. Ra2 Bxc3 27.
Rc1 Rfc8 28. Rac2 Be5 29. Rxc7 Rxc7 30. Rd1 Bc6 31. f4 Bf6 32. Rc1 Rb7 33. Ba2
Rb2 34. Bc4 a5 35. Kf1 a4 36. Ra1 Rxe2 0-1

[Event "Frankfurt Ch B 2017"]
[Site "Ffm-Höchst, BiKuZ"]
[Date "2018.04.30"]
[Round "1.14"]
[White "Arnold, Jan"]
[Black "Lachmann, Irma"]
[Result "1-0"]
[WhiteElo "1318"]
[BlackElo "819"]
[PlyCount "83"]
[EventDate "2018.??.??"]
[WhiteTeam "SC Frankfurt-West"]
[BlackTeam "Berkershm"]

1. c4 Nf6 2. Nc3 e6 3. g3 b6 4. Bg2 c6 5. e3 Bb7 6. Nge2 Be7 7. O-O O-O 8. d4
Re8 9. Rb1 d5 10. cxd5 cxd5 11. a3 Qd7 12. Bd2 a5 13. Nf4 Bd6 14. Nd3 Qc7 15.
Nb5 Be7 16. Nxc7 Nc6 17. Nxe8 Nxe8 18. b4 a4 19. b5 Nd8 20. Bb4 Bf6 21. f4 Nc7
22. Bd6 Ne8 23. Be5 h6 24. Qf3 Bc8 25. e4 Bd7 26. exd5 Ra7 27. dxe6 Nxe6 28. d5
Nd4 29. Qd1 Nxb5 30. Bxf6 Nxf6 31. Ne5 Nxa3 32. Nxd7 Nxd7 33. Ra1 Nc4 34. Rxa4
Ne3 35. Rxa7 Nxd1 36. Rxd1 Nf6 37. d6 Kh7 38. d7 Nxd7 39. Rdxd7 b5 40. Ra8 f6
41. Be4+ f5 42. Bxf5# 1-0

[Event "Frankfurt Ch B 2017"]
[Site "Ffm-Höchst, BiKuZ"]
[Date "2018.04.30"]
[Round "1.15"]
[White "Czinkota, Thomas"]
[Black "Pessotschinski, Eduard"]
[Result "0-1"]
[WhiteElo "799"]
[BlackElo "1312"]
[PlyCount "42"]
[EventDate "2018.??.??"]
[WhiteTeam "SC Bad Soden"]
[BlackTeam "TuS Makkabi"]

1. e4 c5 2. Nf3 d6 3. Nc3 Nf6 4. Bc4 Bg4 5. h3 Bh5 6. g4 Bg6 7. g5 Nxe4 8. Nxe4
Bxe4 9. d3 Bf5 10. g6 hxg6 11. Ng5 e6 12. Qf3 d5 13. Bb5+ Nd7 14. Be3 Qa5+ 15.
Bd2 Qxb5 16. O-O-O Ne5 17. Qg2 c4 18. d4 Nc6 19. Nf3 Qa4 20. b3 Qxa2 21. Bc3
Qxc2# 0-1

[Event "Frankfurt Ch A 2018"]
[Site "Ffm-Höchst, BiKuZ"]
[Date "2018.05.07"]
[Round "2.1"]
[White "Poetsch, Hagen"]
[Black "Kolker, Vladislav"]
[Result "1-0"]
[WhiteElo "2505"]
[BlackElo "1931"]
[PlyCount "27"]
[EventDate "2018.??.??"]
[WhiteTeam "SC Heusenstamm"]
[BlackTeam "SC Bad Nauheim"]

1. Nc3 e5 2. Nf3 Nc6 3. d4 exd4 4. Nxd4 Nxd4 5. Qxd4 Nf6 6. g4 h6 7. g5 hxg5 8.
Bxg5 Be7 9. O-O-O d6 10. Bg2 c6 11. Bf4 Rh4 12. Qd2 Ne4 13. Nxe4 Rxf4 14. Qxf4
1-0

[Event "Frankfurt Ch A 2018"]
[Site "Ffm-Höchst, BiKuZ"]
[Date "2018.05.07"]
[Round "2.2"]
[White "Legde, Georg"]
[Black "Zimmer, Gerald"]
[Result "1-0"]
[WhiteElo "2273"]
[BlackElo "1904"]
[PlyCount "67"]
[EventDate "2018.??.??"]
[WhiteTeam "Freibauer Mörlenbach"]
[BlackTeam "SC Bergen-Enkheim"]

1. c4 Nf6 2. Nc3 e6 3. e4 d5 4. e5 Ne4 5. Nf3 Bc5 6. d4 Bb4 7. Qc2 c5 8. cxd5
exd5 9. Bd3 Qa5 10. O-O Nxc3 11. bxc3 Bxc3 12. Rb1 c4 13. Bf5 Nc6 14. Be3 Bb4
15. Bxc8 Rxc8 16. Qf5 Ne7 17. Qg4 O-O 18. h4 Rc6 19. h5 g6 20. Nh4 f5 21. exf6
Rcxf6 22. Bg5 Rb6 23. a3 Qxa3 24. Qd7 Bd6 25. Rxb6 axb6 26. hxg6 hxg6 27. Bxe7
Bxe7 28. Nxg6 Rf7 29. Qxd5 Kg7 30. Ne5 Rf5 31. Qe6 Rf6 32. Qg4+ Kf8 33. Nd7+
Kf7 34. Qh5+ 1-0

[Event "Frankfurt Ch A 2018"]
[Site "Ffm-Höchst, BiKuZ"]
[Date "2018.05.07"]
[Round "2.3"]
[White "Uwira, Oliver"]
[Black "Makilla, Tobias"]
[Result "1-0"]
[WhiteElo "2186"]
[BlackElo "1900"]
[PlyCount "41"]
[EventDate "2018.??.??"]
[WhiteTeam "SC Nied"]
[BlackTeam "SC Hattersheim"]

1. e4 d6 2. d4 e5 3. Nf3 exd4 4. Nxd4 Nf6 5. Nc3 Be7 6. Be2 O-O 7. O-O c6 8.
Bf4 Qb6 9. Nb3 Rd8 10. Qe1 Nbd7 11. Kh1 Ne5 12. Be3 Qc7 13. f4 Neg4 14. Bg1 d5
15. e5 Ne4 16. Nxe4 dxe4 17. Bxg4 Bxg4 18. Qxe4 Be6 19. f5 Bd5 20. Qe2 Re8 21.
c4 1-0

[Event "Frankfurt Ch A 2018"]
[Site "Ffm-Höchst, BiKuZ"]
[Date "2018.05.07"]
[Round "2.4"]
[White "Teschler, Ulrich"]
[Black "Karsay, Pascal"]
[Result "0-1"]
[WhiteElo "1925"]
[BlackElo "2174"]
[PlyCount "62"]
[EventDate "2018.??.??"]
[WhiteTeam "SV Fechenheim"]
[BlackTeam "SK Gau-Algesheim"]

1. Nc3 Nf6 2. g3 d5 3. d4 Bf5 4. Bg2 e6 5. a3 Nbd7 6. Nf3 h6 7. Bf4 a6 8. O-O
Be7 9. b4 O-O 10. Na4 b6 11. Ne5 Nxe5 12. Bxe5 Ne4 13. f3 Nd6 14. Bxd6 cxd6 15.
e4 dxe4 16. fxe4 Bg6 17. Qe2 b5 18. Nb2 Qb6 19. Rfd1 Rac8 20. c4 bxc4 21. Nxc4
Qb5 22. Rac1 d5 23. exd5 Bg5 24. dxe6 Bxc1 25. e7 Rfe8 26. Rxc1 Qg5 27. Re1 Bh5
28. Qf1 Rxe7 29. Ne5 Rc2 30. Qxa6 Qd2 31. Qa8+ Kh7 0-1

[Event "Frankfurt Ch A 2018"]
[Site "Ffm-Höchst, BiKuZ"]
[Date "2018.05.07"]
[Round "2.5"]
[White "Li, Maxim"]
[Black "Zimmermann, Rolf"]
[Result "1/2-1/2"]
[WhiteElo "1910"]
[BlackElo "2124"]
[PlyCount "89"]
[EventDate "2018.??.??"]
[WhiteTeam "Wiesbadener SV"]
[BlackTeam "SC Tornado Hochneukirch"]

1. e4 c5 2. Nc3 Nc6 3. f4 g6 4. Nf3 Bg7 5. Bb5 a6 6. Bxc6 dxc6 7. O-O c4 8. Qe2
b5 9. Nd1 Nf6 10. Rb1 O-O 11. Nf2 Ng4 12. h3 Nxf2 13. Qxf2 Bb7 14. b3 cxb3 15.
axb3 c5 16. d3 Qc7 17. Qh4 f6 18. f5 g5 19. Qg4 Qd7 20. h4 h6 21. hxg5 fxg5 22.
Qh3 Rae8 23. g4 Bc6 24. Kg2 c4 25. Bxg5 cxd3 26. Rbd1 Bxe4 27. Bxh6 Qc6 28.
Bxg7 Kxg7 29. cxd3 Qc2+ 30. Kg1 Rh8 31. Qg2 Bxd3 32. Qxc2 Bxc2 33. Ra1 Ra8 34.
Nd4 Be4 35. Rfe1 Bd5 36. Rxe7+ Kf6 37. Rae1 Rh1+ 38. Kf2 Rh2+ 39. Kg3 Rah8 40.
g5+ Kxg5 41. Rg7+ Kf6 42. Rg6+ Kf7 43. Rxa6 R8h4 44. Ra7+ Kf6 45. Ra6+ 1/2-1/2

[Event "Frankfurt Ch A 2018"]
[Site "Ffm-Höchst, BiKuZ"]
[Date "2018.05.07"]
[Round "2.6"]
[White "Neininger, Ralph"]
[Black "Hochmuth, Christian"]
[Result "1/2-1/2"]
[WhiteElo "2123"]
[BlackElo "1896"]
[PlyCount "128"]
[EventDate "2018.??.??"]
[WhiteTeam "Frankfurter TV"]
[BlackTeam "SG Wächtersbach"]

1. d4 Nf6 2. c4 g6 3. Nc3 Bg7 4. e4 d6 5. Nf3 O-O 6. Be2 e5 7. O-O Nc6 8. d5
Ne7 9. Ne1 Nd7 10. f3 f5 11. g4 fxg4 12. fxg4 Rxf1+ 13. Kxf1 h6 14. h4 Nf6 15.
Nd3 c6 16. Nf2 c5 17. Kg2 Nh7 18. Be3 Bf6 19. Qh1 Kg7 20. Nd3 Ng8 21. Bf2 a5
22. Qh2 b6 23. Rh1 g5 24. h5 Bd7 25. Ne1 Nf8 26. Nc2 Ne7 27. Ne3 Qb8 28. Rb1
Be8 29. Qg1 Kg8 30. Qf1 Bd7 31. Be1 Nh7 32. Bd1 Qc8 33. Qe2 Bg7 34. Ba4 Nf6 35.
Bxd7 Qxd7 36. b3 Qc7 37. a3 Nd7 38. Nb5 Qb8 39. Bd2 Nf6 40. Qf3 Qd8 41. Nc3 Qd7
42. Qe2 Kh7 43. Rf1 Rf8 44. Kg3 Kg8 45. Qd3 Rb8 46. Nb5 Rf8 47. Nf5 Ne8 48. Ne3
Nf6 49. Qb1 Ra8 50. Rf2 Rf8 51. Nc3 Kh7 52. Qf1 Kg8 53. Nf5 Nh7 54. Nxe7+ Qxe7
55. Rxf8+ Bxf8 56. Qf5 Qf7 57. Qxf7+ Kxf7 58. Nb5 Ke8 59. Nc7+ Kf7 60. Kf3 Nf6
61. b4 axb4 62. axb4 Be7 63. bxc5 bxc5 64. Nb5 Ke8 1/2-1/2

[Event "Frankfurt Ch A 2018"]
[Site "Ffm-Höchst, BiKuZ"]
[Date "2018.05.07"]
[Round "2.7"]
[White "Hierling, Stefan"]
[Black "Weber, Samuel"]
[Result "0-1"]
[WhiteElo "1901"]
[BlackElo "2119"]
[PlyCount "102"]
[EventDate "2018.??.??"]
[WhiteTeam "VSG Offenbach"]
[BlackTeam "SV Oberursel"]

1. e4 e5 2. Nf3 Nc6 3. Nc3 Nf6 4. Bc4 Bc5 5. O-O d6 6. h3 O-O 7. d3 Be6 8. Bb3
h6 9. Be3 Bb4 10. Ne2 d5 11. exd5 Bxd5 12. Ng3 Re8 13. Nd2 Bf8 14. Nge4 Nh7 15.
Bxd5 Qxd5 16. Nc3 Qd7 17. f3 f5 18. Re1 Rad8 19. a3 Re6 20. Bf2 Nd4 21. Nc4
Rde8 22. Ne2 Nc6 23. Nc3 a6 24. b4 Nd4 25. Ne2 c5 26. c3 Nxe2+ 27. Rxe2 b5 28.
Nb2 cxb4 29. axb4 Nf6 30. Qb3 Kh8 31. Rae1 Nd5 32. g3 Qc6 33. Nd1 g6 34. Rf1
Bd6 35. Be1 Nf6 36. d4 e4 37. fxe4 Rxe4 38. Rxe4 Nxe4 39. d5 Qc7 40. Qb2 Bxg3
41. c4+ Be5 42. Qc1 Bd4+ 43. Kg2 Kh7 44. c5 Qe5 45. Qf4 Qxd5 46. Qf3 Qa2+ 47.
Kh1 Be5 48. Qg2 Qb3 49. Qf3 Qc2 50. Bf2 Rd8 51. Ne3 Qb3 0-1

[Event "Frankfurt Ch A 2018"]
[Site "Ffm-Höchst, BiKuZ"]
[Date "2018.05.07"]
[Round "2.8"]
[White "Ochmann, Reimund"]
[Black "Chandler, Patrick"]
[Result "1-0"]
[WhiteElo "1899"]
[BlackElo "2102"]
[PlyCount "109"]
[EventDate "2018.??.??"]
[WhiteTeam "SK Langen"]
[BlackTeam "SC Nied"]

1. e4 c5 2. Nc3 Nc6 3. f4 e6 4. Nf3 Nge7 5. Bb5 a6 6. Bxc6 Nxc6 7. O-O Qc7 8.
d3 Be7 9. Be3 O-O 10. Qe1 b5 11. e5 d5 12. d4 cxd4 13. Bxd4 Nxd4 14. Nxd4 Bc5
15. Nce2 f6 16. Qg3 Bd7 17. c3 Rf7 18. Kh1 Raf8 19. Rf3 Ba7 20. Raf1 Bb8 21.
Qh3 Qb6 22. Qg3 Kh8 23. h3 Rg8 24. Qh4 Qd8 25. f5 fxe5 26. Qxd8 Rxd8 27. fxe6
Rxf3 28. Rxf3 exd4 29. exd7 Kg8 30. Nxd4 Rxd7 31. Kg1 Ba7 32. g4 g6 33. Rf6 a5
34. Kg2 Bxd4 35. cxd4 Rc7 36. Rf2 Rc1 37. Kf3 Kg7 38. g5 Kf7 39. Ke3+ Ke7 40.
Re2 Kd6 41. Rf2 Ke7 42. Re2 Rh1 43. Kf3+ Kd6 44. Kg3 Rd1 45. Re8 Rxd4 46. Rh8
Rd2 47. Rxh7 Rxb2 48. Rh6 Rxa2 49. Rxg6+ Ke5 50. Rg8 Ra1 51. g6 Rg1+ 52. Kf2
Rg5 53. h4 Rf5+ 54. Ke3 Kd6 55. g7 1-0